000 01465cam a2200385 i 4500
001 200450759
999 _c200450759
_d68971
003 TR-AnTOB
005 20240903093341.0
007 ta
008 140807t20052005 tu 000 0 tur d
020 _a9758458841
_q(paperback)
040 _aTR-AnTOB
_beng
_erda
_cTR-AnTOB
_dT9K
_dTR-AnTOB
041 0 _atur
050 1 4 _aHD58.87
_b.T875 2005
090 _aHD58.87
_b.T875 2005
245 0 0 _aTürkiye'de yeniden yapılanma arayışları :
_bseçilmiş sektör/ kurum politika örnekleri /
_cTürk Sanayicileri ve İşadamları Derneği.
264 1 _aİstanbul :
_bTÜSİAD,
_c2005.
264 4 _c©2005
300 _a113 pages ;
_c28 cm
336 _atext
_btxt
_2rdacontent.
337 _aunmediated
_bn
_2rdamedia.
338 _avolume
_bnc
_2rdacarrier.
490 1 _aTÜSİAD Büyüme Stratejileri Dizisi ;
_v2
504 _aBIB
650 7 _aDeğişim mühendisliği (Yönetim)
_2etuturkob
_933429
650 7 _aÖrgütsel değişim
_918788
_2etuturkob
650 0 _aŞirket reorganizasyonu
_911595
710 2 _aTürk Sanayicileri ve İş Adamları Derneği
_918434
830 0 _aTürk Sanayicileri ve İşadamları Derneği Yayınları.
830 0 _aTürk Sanayicileri ve İşadamları Derneği Yayınları ;
_vno.TÜSİAD-T/2005-06/399.
830 0 _aTürk Sanayicileri ve İşadamları Derneği Yayınları.
_pBüyüme Stratejileri Dizisi ;
_v2.
942 _2lcc
_cBK